Sports Quiz

Random Sports Quiz

NYC Championship Game Loses Quiz Stats

 Plays Quiz not verified by Sporcle

Support Sporcle.
Go Orange.
Score 0/9 Timer 02:00
0 Plays Today
New York Area Team Lost To % Correct
New Jersey NetsSan Antonio Spurs
91.1%
New York KnicksSan Antonio Spurs
91.1%
New York MetsNew York Yankees
91.1%
New York YankeesFlorida Marlins
91.1%
New York GiantsBaltimore Ravens
88.9%
New York Jets*Pittsburgh Steelers
88.9%
New Jersey DevilsColorado Avalanche
75.6%
New York IslandersEdmonton Oilers
73.3%
New York RangersMontreal Canadiens
64.4%

You're not logged in!

Compare scores with friends on all Sporcle quizzes.
OR
Log In

From the Vault

Explain a Film Plot Badly IV

by sheylamarie

Remember that one movie, with that one actor?
Remove Ads.
Support Sporcle.
Get the best of Sporcle when you Go Orange. This ad-free experience offers more features, more stats, and more fun while also helping to support Sporcle. Thank you for becoming a member.

Show Comments

Extras

Created Mar 3, 2011ReportNominate
Tags:League Championship

Top Quizzes Today


Score Distribution

Your Account Isn't Verified!

In order to create a playlist on Sporcle, you need to verify the email address you used during registration. Go to your Sporcle Settings to finish the process.

Report this User

Report this user for behavior that violates our Community Guidelines.

Details: